LEADER 01759nam 2200421 a 450 001 9910693050403321 005 20041006100900.0 035 $a(CKB)5470000002359001 035 $a(OCoLC)56633532 035 9 $aocm56633532 035 $a(OCoLC)995470000002359001 035 $a(EXLCZ)995470000002359001 100 $a20041006d2004 ua 0 101 0 $aeng 135 $aurmn|||||| 181 $ctxt$2rdacontent 182 $cc$2rdamedia 183 $acr$2rdacarrier 200 10$aBest practices$b[electronic resource] $eusing spend analysis to help agencies take a more strategic approach to procurement : report to the Committee on Governmental Affairs, U.S. Senate, and the Committee on Government Reform, House of Representatives 210 1$a[Washington, D.C.] :$cU.S. Government Accountability Office,$d[2004] 300 $aTitle from title screen (viewed on Oct. 5, 2004). 300 $a"September 2004." 300 $aPaper version available from: U.S. Government Accountability Office, 441 G St., NW, Rm. LM, Washington, D.C. 20548. 300 $a"GAO-04-870." 320 $aIncludes bibliographical references. 517 $aBest practices 606 $aGovernment purchasing$zUnited States$xEvaluation 606 $aAdministrative agencies$zUnited States$xRules and practice$xEvaluation 615 0$aGovernment purchasing$xEvaluation. 615 0$aAdministrative agencies$xRules and practice$xEvaluation. 712 02$aUnited States.$bCongress.$bSenate.$bCommittee on Governmental Affairs. 712 02$aUnited States.$bCongress.$bHouse.$bCommittee on Government Reform. 801 0$bGPO 801 1$bGPO 906 $aBOOK 912 $a9910693050403321 996 $aBest practices$91692820 997 $aUNINA